LEADER 01169nam a2200241 i 4500 001 000000052389 003 CaOOAMICUS 005 20120827000000.0 008 120827s1917 xx u000 u lat u 013 $a23561 040 $aSeMil$bita 245 10$aIndex Librorum Prohibitorum Leonis 13. Sum. Pont. aucotoritate recognitus SS. D.N. Benedicti P. 15 iussu editus. 260 $aRomae :$bTypis Polyglottis Vaticanis,$c1917. 300 $aXXIII, 324 p. ;$c28 cm. 500 $aIn copertina : Praemittuntur Constitutiones Apostolicae de Examine et prohibitione Librorum. 650 4$aCensura libraria - Indice dei libri proibiti.$0(OLS)http://semarc/subject/436 700 0 $aBenedictus XV,$c.$0(OLS)http://semarc/name/12956 850 $aSeMil 852 $aSeMil$W1$xVenegono$y1$m2H I 126$j18544$B18544$CSeMilBibl$Z2$F18545 $81 900 0 $aBenedetto XV$c. 996 $6245$aIndex Librorum Prohibitorum Leonis 13. Sum. Pont. aucotoritate recognitus SS. D.N. Benedicti P. 15 iussu editus$9(OLS)http://semarc/title/80385 996 $6260$aRomae :$bTypis Polyglottis Vaticanis$9(OLS)http://semarc/publisher/30364 LEADER 01373nam a2200229 i 4500 001 000000197114 003 CaOOAMICUS 005 20110207000000.0 008 110207s1956 it u000 u ita u 013 $a175800 040 $aSeMil$bita 245 10$aBreviarium Syriacum seu martyrologium syriacum saec. 4. juxta cod. SM. Musaei Britannici Add.12150 /$cex syriaco in latinum transtulit notisque atque introductione illustravit Bonaventura Mariani, prof. introduztionis bibliccae in Pontificiis Athenaeis Urbis ĞUrbaniano de Propaganda fideğ et ĞAntonianoğ. 260 $aRoma ; Barcelona ; Freiburg I.Br. :$bHerder,$c1956. 300 $a71 p. ;$c20 cm. 490 0 $aRerum ecclesiasticarum documenta. Serie minor. Subsidia studiorum ;$v3 650 4$aMartirologio siriaco.$0(OLS)http://semarc/subject/5218 700 1 $aMariani, Bonaventura,$c.$0(OLS)http://semarc/name/10235 830 0$aRerum ecclesiasticarum documenta. Serie minor. Subsidia studiorum ;$v3.$0(OLS)http://semarc/title/17145 850 $aSeMil 852 $aSeMil$W1$xVenegono$y1$m3K II 203$j147673$B147673$CSeMilBibl$Z2$F159169 $81 996 $6245$aBreviarium Syriacum seu martyrologium syriacum saec. 4. juxta cod. SM. Musaei Britannici Add.12150$9(OLS)http://semarc/title/284577 996 $6260$aRoma ; Barcelona ; Freiburg I.Br. :$bHerder$9(OLS)http://semarc/publisher/33553